23 Kathakal(23 കഥകൾ) (Record no. 115244)

MARC details
000 -LEADER
fixed length control field 00216 a2200097 4500
020 ## - INTERNATIONAL STANDARD BOOK NUMBER
International Standard Book Number 9789364872201
100 ## - MAIN ENTRY--PERSONAL NAME
Personal name Group of authors
245 ## - TITLE STATEMENT
Title 23 Kathakal(23 കഥകൾ)
260 ## - PUBLICATION, DISTRIBUTION, ETC. (IMPRINT)
Name of publisher, distributor, etc D C books
Date of publication, distribution, etc 2025
942 ## - ADDED ENTRY ELEMENTS (KOHA)
Koha item type On order/under processing
Holdings
Withdrawn status Lost status Damaged status Not for loan Home library Current library Date acquired Source of acquisition Cost, normal purchase price Total Checkouts Barcode Date last seen Cost, replacement price Price effective from Koha item type
        University Library University Library 27/02/2026 275 166.68   00097323 27/02/2026 250.00 27/02/2026 On order/under processing
University Library, CUSAT